000 00501nam a22001577a 4500
005 20251108164850.0
008 250721s1985 xx 000 0 ara d
082 1 4 _a371.7/عبد
100 1 _aنصر، عبد اللطيف أحمد
245 1 0 _aأبناؤنا في رعاية الصحة المدرسية /
264 1 _aجده :
_bالدار السعودية للنشر والتوزيع،
_c1985.
300 _a176ص
650 1 7 _aالصحة المدرسية
942 _2ddc
_cBK
999 _c16195
_d16195